Nyolcvanéves énekkar [Röv. hír.]

Elmentve itt :
Bibliográfiai részletek
Dokumentumtípus: Cikk
Megjelent: 2006-04-28
Sorozat:Délmagyarország 96 No. 99
Kulcsszavak:Egyetemi Énekkar
Online Access:http://dmarchiv.bibl.u-szeged.hu/126599
LEADER 00409nab a2200145 i 4500
001 delm126599
005 20191217103123.0
008 191217s2006 hu o 0|| hun d
040 |a SZTE Délmagyarország Archívum  |b hun 
041 |a hun 
245 0 0 |a Nyolcvanéves énekkar [Röv. hír.]  |h [elektronikus dokumentum] 
260 |c 2006-04-28 
300 |a 4 
490 0 |a Délmagyarország  |v 96 No. 99 
695 |a Egyetemi Énekkar